|
|
|
|
| LEADER |
00000nam a22000007a 4500 |
| 005 |
2019041200260.0 |
| 007 |
cr|||| |||| |
| 008 |
190412s2019 mx |||||s|||| 00||0 spa d |
| 020 |
|
|
|a 978-607-8668-00-7
|
| 035 |
|
|
|a 23136
|
| 040 |
|
|
|a vLex
|
| 090 |
|
|
|c 8608
|d 8608
|
| 100 |
1 |
|
|a ℓlvarez Montero, Jos ̌Lorenzo
|
| 245 |
1 |
0 |
|a Constitucionalizacin̤ de la familia
|h [Recurso electrn̤ico] /
|c Jos ̌Lorenzo ℓlvarez Montero
|
| 256 |
|
|
|a Servicio en ln̕ea
|
| 260 |
|
|
|a Veracruz:
|b Universidad de Xalapa,
|c 2019
|
| 300 |
|
|
|a 1 recurso electrn̤ico
|
| 506 |
1 |
|
|a Disponible solo en los productos indicados
|d vLex Global
|d vLex Global (Academic Edition, excluding Law Schools)
|d vLex Global (U.S. Academic Edition, Law Schools)
|d vLex Global (U.S. Academic Edition, excluding Law Schools)
|d vLex Global (Academic Edition, Law Schools)
|
| 650 |
0 |
4 |
|a Familia y Sucesiones
|z Mx̌ico
|
| 650 |
0 |
4 |
|a Derecho Constitucional
|z Mx̌ico
|
| 740 |
0 |
|
|a vLex Libros (Servicio en ln̕ea)
|
| 856 |
4 |
0 |
|u http://vlex.com/source/constitucionalizacion-de-la-familia-23136
|z Acceso restringido
|
| 942 |
|
|
|c BOOK
|
| 999 |
0 |
|
|a Family and Successions
|
| 999 |
0 |
|
|a Constitutional Law
|